[Event "Cheliabinsk Variation-B"]
[Site "Cheliabinsk"]
[Date "2022.04.02"]
[Round "2"]
[White "Maslova, Veronika"]
[Black "Vanishvili, Mari"]
[Result "0-1"]
[WhiteElo "1356"]
[BlackElo "1894"]
[PlyCount "78"]
[EventDate "2022.04.01"]
[EventType "swiss"]
[EventRounds "9"]
[EventCountry "RUS"]
[SourceTitle "CBM 207 Extra"]
[Source "ChessBase"]
[SourceDate "2022.05.31"]
[SourceVersion "1"]
[SourceVersionDate "2022.05.31"]
[SourceQuality "1"]

1. e4 c6 2. d4 d5 3. exd5 cxd5 4. c4 Nf6 5. Nc3 g6 6. cxd5 Bg7 7. Qb3 0-0 8. Be2 Re8 9. Be3 Nbd7 10. Bf3 Nb6 11. Nge2 e6 12. Nf4 Nfxd5 13. Ncxd5 exd5 14. Bxd5 Qd7 15. Bc4 Nxc4 16. Qxc4 Qxd4 17. Qxd4 Bxd4 18. Nd5 Bxb2 19. Rb1 Be5 20. 0-0 Be6 21. Nf4 Bc4 22. Rfc1 b5 23. a4 a6 24. axb5 axb5 25. Rd1 Red8 26. g3 Bc3 27. Bc5 g5 28. Rxd8+ Rxd8 29. Be7 Re8 30. Bxg5 f6 31. Bh6 b4 32. Ng2 Bd3 33. Rc1 Ra8 34. Ne3 Be4 35. Nd1 Be5 36. Rc4 Bf3 37. Rc1 b3 38. Bd2 Bxd1 39. Rxd1 b2 0-1

[Event "Cheliabinsk Panchenko Memorial op-B"]
[Site "Cheliabinsk"]
[Date "2021.09.19"]
[Round "8"]
[White "Baranova, Elizaveta"]
[Black "Maslova, Veronika"]
[Result "1-0"]
[WhiteElo "1768"]
[BlackElo "1413"]
[PlyCount "99"]
[EventDate "2021.09.13"]
[EventType "swiss"]
[EventRounds "10"]
[EventCountry "RUS"]
[SourceTitle "CBM 204 Extra"]
[Source "ChessBase"]
[SourceDate "2021.11.30"]
[SourceVersion "1"]
[SourceVersionDate "2021.11.30"]
[SourceQuality "1"]

1. e4 e6 2. d4 d5 3. Nd2 Nc6 4. c3 Nf6 5. Bd3 Be7 6. e5 Nd7 7. Ne2 f6 8. exf6 Nxf6 9. Nf3 Bd6 10. Bf4 0-0 11. Bg3 Ne7 12. 0-0 c5 13. Re1 c4 14. Bc2 Nf5 15. Bxf5 exf5 16. Nf4 Qc7 17. Ne5 Re8 18. Qf3 Qa5 19. Nh5 Ne4 20. Bf4 Qd8 21. Ng3 Qh4 22. Nxe4 fxe4 23. Qe3 Bxe5 24. dxe5 Rf8 25. Bg3 Qh5 26. Qc5 Be6 27. b3 Rfc8 28. Qd4 b6 29. Re3 Rc5 30. f3 exf3 31. Rxf3 Bg4 32. Rf4 Be6 33. Raf1 cxb3 34. axb3 Rac8 35. Qd3 h6 36. Rc1 Qe8 37. Bf2 Rb5 38. Rb1 Ra5 39. Bd4 Qe7 40. Qg6 Bf7 41. Qg3 Be6 42. Rbf1 Qg5 43. Qf2 Qe7 44. Rf3 b5 45. b4 Ra4 46. Bc5 Qd7 47. Qc2 Bf7 48. Rxf7 Qxf7 49. Rxf7 Kxf7 50. Qf5+ 1-0

[Event "Cheliabinsk Panchenko Memorial op-B"]
[Site "Cheliabinsk"]
[Date "2020.09.07"]
[Round "1"]
[White "Zvereva, Margarita"]
[Black "Maslova, Veronika"]
[Result "1-0"]
[WhiteElo "1929"]
[BlackElo "1244"]
[PlyCount "43"]
[EventDate "2020.09.07"]
[EventType "swiss"]
[EventRounds "9"]
[EventCountry "RUS"]
[SourceTitle "CBM 198 Extra"]
[Source "ChessBase"]
[SourceDate "2020.11.30"]
[SourceVersion "1"]
[SourceVersionDate "2020.11.30"]
[SourceQuality "1"]

1. d4 f5 2. Nf3 Nf6 3. g3 g6 4. Bg2 Bg7 5. 0-0 0-0 6. Nbd2 d6 7. Re1 c6 8. e4 fxe4 9. Nxe4 Nxe4 10. Rxe4 Bf5 11. Re1 Qc7 12. c3 Re8 13. Qb3+ Kh8 14. Ng5 h6 15. Nf7+ Kh7 16. Nxh6 e5 17. Nxf5 gxf5 18. Bh3 Rf8 19. dxe5 dxe5 20. Qe6 Na6 21. Bxf5+ Kh8 22. Qg6 1-0